Les meilleurs buteurs en ligue 1 - Statistiques

Statistiques générales
  • Ce quiz a été pris 114 fois
  • Le résultat moyen est 18 sur 29
Statistiques - réponses
Saison Nationalité Club Nbr de but Nom % Correct
2018-2019 France Paris Saint-Germain 33 Kylian Mbappé
100%
2019-2020 France Paris Saint-Germain 18 Kylian Mbappé
100%
2020-2021 France Paris Saint-Germain 27 Kylian Mbappé
100%
2021-2022 France Paris Saint-Germain 28 Kylian Mbappé
100%
2022-2023 France Paris Saint-Germain 29 Kylian Mbappé
100%
2016-2017 Uruguay Paris Saint-Germain 35 Edinson Cavani
97%
2017-2018 Uruguay Paris Saint-Germain 28 Edinson Cavani
97%
2014-2015 France Olympique Lyonnais 27 Alexandre Lacazette
96%
2012-2013 Suède Paris Saint-Germain 30 Zlatan Ibrahimovic
96%
2013-2014 Suède Paris Saint-Germain 26 Zlatan Ibrahimovic
96%
2015-2016 Suède Paris Saint-Germain 38 Zlatan Ibrahimovic
96%
2011-2012 France Montpellier Hérault SC 21 Olivier Giroud
84%
2005-2006 Portugal Paris Saint-Germain 21 Pauleta
82%
2006-2007 Portugal Paris Saint-Germain 15 Pauleta
82%
2007-2008 France Olympique Lyonnais 20 Karim Benzema
75%
2001-2002 France AJ Auxerre 22 Djibril Cissé
66%
2003-2004 France AJ Auxerre 26 Djibril Cissé
66%
2009-2010 Sénégal Olympique de Marseille 18 Mamadou Niang
66%
2008-2009 France Toulouse FC 24 André-Pierre Gignac
56%
2010-2011 Sénégal LOSC Lille 25 Moussa Sow
47%
2004-2005 Suisse Stade Rennais FC 20 Alexander Frei
38%
1996-1997 France Stade Rennais FC 21 Stéphane Guivarc'h
29%
1997-1998 France AJ Auxerre 21 Stéphane Guivarc'h
29%
2002-2003 RD Congo AS Monaco 26 Shabani Nonda
24%
1998-1999 France FC Girondins de Bordeaux 22 Sylvain Wiltord
16%
1994-1995 France F.C. Martigues 9 Didier Tholot
4%
1995-1996 Brésil AS Monaco 21 Anderson Da Silva
2%
1999-2000 Brésil Olympique Lyonnais 23 Anderson Da Silva
2%
2000-2001 Brésil Olympique Lyonnais 22 Anderson Da Silva
2%
Aucun quiz correspondant
Distribution des résultats
% des personnes avec chaque résultat
Percentile par nombre de réponses
Votre historique - résultats
Vous n’avez pas pris ce quiz